| 000 | 01247cam a22003374a 4500 | ||
|---|---|---|---|
| 001 | 16555530 | ||
| 003 | OSt | ||
| 005 | 20230902151116.0 | ||
| 008 | 101129s2012 at a 001 0 eng | ||
| 010 | _a 2010941873 | ||
| 020 | _a9780538453080 | ||
| 020 | _a9780538453486 | ||
| 020 | _a0538453087 | ||
| 040 |
_aDLC _cDLC _dDLC |
||
| 042 | _apcc | ||
| 050 | 0 | 0 |
_aHB171.5 _b.M263 2012 |
| 082 |
_a330 _bMAN/E |
||
| 100 |
_aMankiw, N Gregory _9458 |
||
| 245 | 1 | 0 |
_aEssentials of economics / _cN. Gregory Mankiw. |
| 250 | _a6th ed. | ||
| 260 |
_aAustralia ; _aMason, OH : _bSouth-Western Cengage Learning, _cc2012. |
||
| 300 |
_axxiv, 568 p. : _bill. ((some col.) ; _c26 cm. |
||
| 500 | _aIncludes index. | ||
| 650 | 0 | _aEconomics. | |
| 856 | 4 | 2 |
_3Publisher description _uhttp://www.loc.gov/catdir/enhancements/fy1212/2010941873-d.html |
| 856 | 4 | 1 |
_3Table of contents only _uhttp://www.loc.gov/catdir/enhancements/fy1212/2010941873-t.html |
| 856 | 4 | 2 |
_3Contributor biographical information _uhttp://www.loc.gov/catdir/enhancements/fy1303/2010941873-b.html |
| 906 |
_a7 _bcbc _corigres _d2 _encip _f20 _gy-gencatlg |
||
| 942 |
_2ddc _cBK _h330 _iMAN/E _k330 _mMAN/E |
||
| 999 |
_c42081 _d42081 |
||